Seven sets of Bible twins. (Record no. 3809)

000 -LEADER
fixed length control field 00521nam a2200181 a 4500
001 - CONTROL NUMBER
control field :::00001544$&:&@@
003 - CONTROL NUMBER IDENTIFIER
control field OkBaRHE
005 - DATE AND TIME OF LATEST TRANSACTION
control field 20000607103244.0
008 - FIXED-LENGTH DATA ELEMENTS--GENERAL INFORMATION
fixed length control field j 000 0 eng u
040 ## - CATALOGING SOURCE
Transcribing agency
100 1# - MAIN ENTRY--PERSONAL NAME
Personal name Greene, Oliver B.
245 10 - TITLE STATEMENT
Title Seven sets of Bible twins.
260 ## - PUBLICATION, DISTRIBUTION, ETC. (IMPRINT)
Place of publication, distribution, etc Greenville, SC., :
Name of publisher, distributor, etc Gospel Hour
Date of publication, distribution, etc nd
300 ## - PHYSICAL DESCRIPTION
Extent 64 p. ;
Dimensions 20 cm.
650 ## - SUBJECT ADDED ENTRY--TOPICAL TERM
Topical term or geographic name as entry element Bible
General subdivision Study
942 ## - ADDED ENTRY ELEMENTS (KOHA)
Source of classification or shelving scheme
Koha item type Books
Copies
Withdrawn status Damaged status Price effective from Shelving location Full call number Copy number Source of classification or shelving scheme Date acquired Lost status Date last seen Barcode Permanent Location Not for loan Koha item type
  2010-04-14General StacksBS 600 .G7B51 2010-04-14 2010-04-141544RHEMA Bible Training College Books